Statistics for Gotham (TV Series) Villains

Click here to take the quiz!

General Stats

  • This quiz has been taken 118 times
  • The average score is 15 of 37

Answer Stats

Answer% Correct
Oswald Cobblepot / The Penguin
97%
Edward Nygma / The Riddler
90%
Jerome Valeska / The Joker
88%
Jeremiah Valeska / The Joker
86%
Victor Fries / Mr. Freeze
75%
Fish Mooney
66%
Carmine Falcone
64%
Jonathan Crane / The Scarecrow
64%
Bridgit Pike / Firefly
59%
Ivy Pepper / Poison Ivy
58%
Jervis Tetch / Mad Hatter
57%
Salvatore Maroni
54%
Hugo Strange
53%
Sofia Falcone
52%
Eduardo Dorrance / Bane
51%
Theo Galavan / Azrael
47%
Butch Gilzean / Solomon Grundy
46%
Barbara Kean
45%
Lazlo Valentin / Professor Pyg
43%
Ra's Al Ghul
43%
Tabitha Galavan
39%
Victor Zsasz
34%
Nathaniel Barnes / The Executioner
25%
Ecco
21%
Nyssa Al Ghul
16%
Gerald Crane
13%
Richard Sionis / Black Mask
13%
Jack Gruber / The Electrocutioner
12%
Francis Dulmacher / The Dollmaker
9%
Arthur Penn / Ventriloquist
8%
Patrick "Matches" Malone
8%
Jason Skolimski / The Ogre
7%
Eduardo Flamingo
4%
Kathryn Monroe
4%
Magpie
4%
Temple Shaman / The Sensei
3%
Jane Cartwright / Jane Doe
2%

Score Distribution

Percentile by Number Answered

Percent of People with Each Score

Your Score History

You have not taken this quiz